000 00696nam0a22002291 4500
001 rc\417473
005 20260406214858.0
035 _a(NLR Aleph) 005665143
090 _a6914717
_c6914717
100 _a20030616d1987 |||y0rusy50 ca
101 0 _arus
102 _aRU
105 _ay |||||||||
200 1 _aСборник руководящих документов
_f...Респ. совет
210 _aМинск
_cБ. и.
_d1987
215 _a42 с.
_d20
710 0 2 _aБелорусское о-во охраны природы
_cМинск
_3RU\NLR\AUTH\889972807
_9442063
801 0 _aRU
_bNLR
_gpsbo
801 1 _aRU
_bELAR
_2rusmarc
852 _aNLR
_j88-4/12209
942 _cBOOK
980 _aNB